| 000 | 00735nam a2200205 a 4500 | ||
|---|---|---|---|
| 005 | 20251114063936.0 | ||
| 008 | 991125s1959 lim 000 0 spa u | ||
| 035 | _aUPN01000031224 | ||
| 049 | _aCG | ||
| 050 | 4 |
_aLA597 _bD5.3 |
|
| 100 | 1 | _aDíaz Montenegro, Leopoldo | |
| 245 | 1 | 0 |
_aInforme sobre los nucleos escolares 1946-1958 / _cpreparado por Leopoldo Díaz Montenegro. |
| 260 |
_aLima, Perú : _bServicio Cooperativo Peruano Norteamericano de Educación, _c1959. |
||
| 300 |
_a121 p. : _bil. |
||
| 500 | _aA la cabeza de la portada : Ministerio de Educación Pública. | ||
| 650 | 4 |
_aEDUCACION PRIMARIA - _zPERU _918771 |
|
| 650 | 4 |
_aEducación rural _zPerú _919235 |
|
| 650 | 2 |
_aEducación cooperativa _915339 |
|
| 905 | _aLibro | ||
| 999 |
_c31224 _d31224 |
||